00498nam a2200193 a 4500001001300000003000900013005001700022008004100039020001000080082001900090100001600109245004100125260004300166300000900209500003500218505001000253650002500263700001600288nice12345678IN_TiNIC20260116011829.0050524s1977 lona grp 000 0 eng  ac10000a909.04297bSAV aSavory, R M aIntroduction to Islamic Civilisation aLondonbOxford University Press c1977 a204p aincludes index and biblioraphy2 aIndex aCivilization-Islamic1 aSavory, R M